Highest Paid TV Actors 2018 - Statistics

General Stats
  • This quiz has been taken 23 times
  • The average score is 4 of 10
Answer Stats
Picture Answer % Correct
Jim Parsons
86%
Ed O'Neill
45%
Johnny Galecki
45%
Andrew Lincoln
41%
Jesse Tyler Ferguson
41%
Mark Harmon
36%
Ty Burrell
36%
Eric Stonestreet
23%
Simon Helberg
23%
Kunal Nayyar
18%
No matching quizzes found
Score Distribution
Percent of People with Each Score
Percentile by Number Answered
Your Score History
You have not taken this quiz